Bhagavan Sri Ramana Maharshi - the resplendent sun: (Record no. 8914)
[ view plain ]
| 000 -LEADER | |
|---|---|
| fixed length control field | 00696 a2200193 4500 |
| 010 ## - LIBRARY OF CONGRESS CONTROL NUMBER | |
| LC control number | ENG-88624 |
| 020 ## - INTERNATIONAL STANDARD BOOK NUMBER | |
| Terms of availability | 150.00 |
| International Standard Book Number | 818826119X |
| 035 ## - SYSTEM CONTROL NUMBER | |
| System control number | EN-72157 |
| 037 ## - SOURCE OF ACQUISITION | |
| Source of stock number/acquisition | DBAD / PUB |
| 082 14 - DEWEY DECIMAL CLASSIFICATION NUMBER | |
| Classification number | 230.35 |
| 090 ## - LOCALLY ASSIGNED LC-TYPE CALL NUMBER (OCLC); LOCAL CALL NUMBER (OCLC) | |
| -- | 9078 |
| -- | 9078 |
| 245 1# - TITLE STATEMENT | |
| Title | Bhagavan Sri Ramana Maharshi - the resplendent sun: |
| Statement of responsibility, etc | edited by A.R. Natarajan |
| Remainder of title | angles of vision |
| 260 ## - PUBLICATION, DISTRIBUTION, ETC. (IMPRINT) | |
| Place of publication, distribution, etc | Bangalore |
| Name of publisher, distributor, etc | Ramana Maharshi Centre for Learning |
| Date of publication, distribution, etc | 2004 |
| 270 ## - ADDRESS | |
| Address | Post Office Road, Sanjay Nagar, |
| City | Bangalore |
| State or province | Karnataka |
| Postal code | 560 094 |
| 300 ## - PHYSICAL DESCRIPTION | |
| Extent | v, 89p. : |
| Dimensions | 24cm (pbk) |
| 500 ## - GENERAL NOTE | |
| General note | Includes index |
| 942 ## - ADDED ENTRY ELEMENTS (KOHA) | |
| Institution code [OBSOLETE] | dpl |
| Koha item type | English Books |
| Call number prefix | 230.35 / BHA |
| Withdrawn status | Lost status | Source of classification or shelving scheme | Damaged status | Not for loan | Home library | Current library | Source of acquisition | Cost, normal purchase price | Total Checkouts | Full call number | Barcode | Date last seen | Copy number | Uniform Resource Identifier | Cost, replacement price | Price effective from | Koha item type |
|---|---|---|---|---|---|---|---|---|---|---|---|---|---|---|---|---|---|
| Dewey Decimal Classification | D.B.Act.Division | D.B.Act.Division | DBAD/PUB | 150.00 | 230.35 BHA | EN-72157 | 15/09/2008 | 1 | 9862 | 150.00 | 15/09/2008 | English Books |
